Pays du monde avec carte (chrono!!!) - Statistiques

Statistiques générales
  • Ce quiz a été pris 231 fois
  • Le résultat moyen est 116 sur 196
Réponses sur la Carte
Les réponses sont colorées sur une échelle allant du rouge au vert en fonction du pourcentage des utilisateurs qui les ont devinées à leur premier essai. Vous pouvez retrouver ces pourcentages ci-dessous.
 
Statistiques - réponses
Hint Réponse % Correct
e Etats Unis
93%
f France
93%
c Canada
91%
r Russie
89%
a Allemagne
88%
b Brésil
86%
e Espagne
86%
m Mexique
86%
a Algérie
85%
c Chine
85%
a Argentine
84%
i Italie
84%
m Maroc
82%
p Portugal
81%
b Belgique
80%
s Suède
80%
s Suisse
80%
e Egypte
79%
p Pologne
79%
t Turquie
79%
a Australie
78%
a Autriche
78%
c Colombie
78%
f Finlande
78%
j Japon
78%
n Norvège
78%
u Ukraine
78%
i Inde
76%
r Royaume Uni
76%
b Biélorussie
75%
c Chili
75%
t Tunisie
74%
u Uruguay
74%
v Venezuela
74%
a Afrique du Sud
73%
i Iran
73%
l Libye
73%
p Pérou
73%
b Bolivie
72%
g Grèce
72%
i Irlande
72%
m Mongolie
72%
d Danemark
71%
h Hongrie
71%
p Paraguay
71%
i Irak
70%
l Lituanie
70%
p Panama
70%
p Pays Bas
70%
r Roumanie
70%
a Albanie
69%
c Cuba
69%
i Islande
69%
l Lettonie
69%
a Arabie Saoudite
68%
e Equateur
68%
e Estonie
68%
h Honduras
68%
k Kazakhstan
68%
l Luxembourg
68%
s Serbie
68%
a Andorre
67%
c Croatie
67%
g Guatemala
67%
a Arménie
66%
b Bulgarie
66%
c Corée du Sud
66%
i Indonésie
66%
m Mali
66%
n Niger
66%
c Corée du Nord
65%
s Suriname
65%
c Costa Rica
64%
l Laos
64%
n Nigéria
64%
s Slovaquie
64%
s Slovénie
64%
v Vietnam
64%
a Afghanistan
63%
g Guinée
63%
g Guyana
63%
t Thaïlande
63%
y Yémen
63%
s Soudan
62%
i Israël
61%
m Mauritanie
61%
p Pakistan
61%
r République Tchèque
61%
s Sénégal
61%
g Géorgie
60%
k Kosovo
60%
n Nouvelle Zélande
60%
s Soudan du Sud
60%
a Azerbaïdjan
59%
b Bélize
59%
c Cameroun
59%
h Haïti
59%
j Jamaïque
59%
m Monaco
59%
n Nicaragua
59%
s Syrie
59%
t Tchad
59%
j Jordanie
58%
m Moldavie
58%
m Monténégro
58%
n Népal
58%
o Oman
58%
o Ouzbékistan
58%
a Angola
57%
c Chypre
57%
k Kenya
57%
m Malte
57%
s Saint Marin
57%
b Bénin
56%
e Erythrée
56%
g Ghana
56%
l Liban
56%
q Qatar
56%
b Birmanie
55%
e Ethiopie
55%
l Liechtenstein
55%
s Somalie
55%
t Turkménistan
55%
v Vatican
55%
p Philippines
54%
s Salvador
54%
z Zambie
54%
b Bosnie Herzégovine
53%
c Côte d'Ivoire
53%
g Guinée Bissau
53%
l Lesotho
53%
m Macédoine du Nord
53%
m Malaisie
53%
z Zimbabwe
53%
b Bangladesh
51%
b Bhoutan
51%
k Kirghizistan
51%
m Madagascar
51%
t Tanzanie
51%
b Bahreïn
50%
c Cambodge
50%
t Togo
50%
b Bahamas
49%
b Botswana
49%
b Burkina Faso
49%
d Djibouti
49%
g Gabon
49%
l Libéria
49%
m Mozambique
49%
n Namibie
49%
t Tadjikistan
49%
t Taïwan
49%
g Gambie
48%
g Guinée Equatoriale
48%
r République Dominicaine
48%
o Ouganda
47%
b Burundi
45%
c Cap Vert
45%
k Koweït
45%
s Singapour
45%
s Sri Lanka
45%
e Eswatini
44%
m Malawi
44%
m Maldives
44%
d Dominique
43%
e Emirats Arabes Unis
43%
f Fidji
43%
r République Démocratique du Congo
43%
r Rwanda
43%
s Sierra Leone
43%
b Barbade
42%
t Tuvalu
41%
b Brunei
40%
c Comores
40%
g Grenade
39%
p Palaos
39%
t Tonga
39%
v Vanuatu
39%
s Seychelles
38%
p Papouasie Nouvelle Guinée
37%
r République Centrafricaine
37%
s Sainte Lucie
37%
i (m) Iles Marshall
36%
k Kiribati
36%
r République du Congo
36%
t Timor Oriental
36%
n Nauru
35%
s Samoa
35%
a Antigua et Barbuda
34%
i(s) Iles Salomon
32%
m Maurice
30%
s Sao Tomé et Principe
28%
t Trinité et Tobago
28%
s Saint Christophe et Niévès
25%
s Saint Vincent et les Grenadines
21%
e (m) Etats Fédérés de Micronésie
12%
Aucun quiz correspondant
Distribution des résultats
% des personnes avec chaque résultat
Percentile par nombre de réponses
Votre historique - résultats
Vous n’avez pas pris ce quiz